| 000 | 00918nam a22002895i 4500 | ||
|---|---|---|---|
| 001 | 10616 | ||
| 003 | ES-MaACL | ||
| 005 | 20250316181855.0 | ||
| 007 | t| | ||
| 008 | 940603s1994 sp ||||0| spa j | ||
| 020 | _a84-7769-084-7 | ||
| 040 |
_aM-BN _bspa _cM-BN |
||
| 080 | _a929 Ferraté, Joan | ||
| 080 | _a929 Gil de Biedma, Jaime | ||
| 100 | 1 |
_aFerraté, Joan. _950334 |
|
| 245 | 1 | 0 |
_aJaime Gil de Biedma _b: cartas y artículos / _cJuan Ferraté. |
| 250 | _a1ª ed. | ||
| 260 |
_aBarcelona : _bQuaderns Crema : _b[Sirmio], _c1994. |
||
| 300 |
_a222 p ; _c18 cm. |
||
| 490 | 1 |
_aBiblioteca general ; _v17 |
|
| 600 | 1 | 4 |
_aFerraté, Joan- _vCorrespondencia. _950335 |
| 600 | 1 | 4 |
_aGil de Biedma, Jaime- _vCorrespondencia. _956789 |
| 700 | 0 |
_aGil de Biedma, Jaime, _d1929-1990 _956787 |
|
| 830 | 0 |
_aBiblioteca general ; _v17 _9178820 |
|
| 852 |
_aES-MaACL _jL-17951 _bR.123048 |
||
| 999 |
_c10616 _d10616 |
||